000 00695cam a22001934a 4500
005 20250605164346.0
008 250528s ||||||||||||||||||||||||d
035 _a23885
040 _aGR-AtMCL
_bgre
_dGR-AtMCL
_eAACR2
245 1 _aSlings and Arrows / Depression and Life Events
260 _c2007
300 _a71
520 _aGoing the Proverbial Extra Mile, Can Literacy be Made Easier?, Autism as a Developmental Disorder: Tracking Changes Across Time, Psychology in Bosnia and Herzegovina and Croatia and Serbia, Working at the Edge.
700 1 _aSutton Jon
_99351
942 _cCR
710 2 _aThe British Psychological Society
_99823
999 _c8803
_d8803